| 000 | 00625nam a2200229Ia 4500 | ||
|---|---|---|---|
| 003 | OSt | ||
| 005 | 20220928101742.0 | ||
| 006 | a|||||r|||| 00| 0 | ||
| 007 | ta | ||
| 008 | 220927b |||||||| |||| 00| 0 eng d | ||
| 024 | _a10561 | ||
| 037 | _cTextual | ||
| 040 |
_aSDCL _cSDCL _beng |
||
| 041 |
_2eng _aeng |
||
| 082 | _aO152,3N291:g, P7 | ||
| 100 |
_aNimawat Sanjay _9394771 |
||
| 245 | 0 | _aShivprasad singh ki khaniyon ka adhyayan. | |
| 260 |
_aJaipur _bParadise Publishers _c2007 |
||
| 300 |
_a122p _ccm. |
||
| 942 |
_hO152,3N291:g, P7 _cTEXL _2CC |
||
| 999 |
_c710373 _d710373 |
||